000 00719nam a2200265Ia 4500
005 20260302115106.0
008 008 260114s9999 xx 000 0 eng d
020 _a9781611488968
037 _aTextbook
040 _aCRL
040 _beng
040 _cCRL
041 _2eng
041 _aeng
084 _qCRL
100 _aLaura Engel & Elaine M. McGirr
_91120672
245 0 _aStage Mothers Women, Work, and the Theater, 1660–1830
260 _bBloomsbury
260 _bBucknell University Press
260 _c2014
650 _aLiterary Studies
856 _uhttps://doi.org/10.5040/9781611488968?locatt=label:secondary_bloomsburyCollections
942 _cEBOOK
999 _c1684930
_d1684930